000 00536nam a2200193Ia 4500
005 20250508151834.0
008 008 250505s9999 xx 000 0 eng d
037 _aTextual
040 _aFEDL
_beng
_cFEDL
041 _aeng
_2eng
084 _a371, COM
_qFEDL
245 0 _aOrganizing the teaching profession
245 4 _cThe Commission on Educational Reconstruction
260 _aGlencoe
_bThe Free Press
_c1955
300 _a320p.
650 _aTeaching
942 _cTEXL
_h371, COM
999 _c1332428
_d1332428